000 00696nam a22001697a 4500
999 _c57305
_d57305
005 20200218121603.0
008 200218s2019ru xxu||||| |||| 00| 0 rus d
041 _arus
245 _aВестник Древней истории :
_b2019 №2 том 79 : /
_c Гл. ред. А.И.Иванчук и др
260 _aМосква ;
_c2019ч
300 _aV.
653 _a პერიოდიკა
653 _aისტორია
700 _a Иванчик А.И
_eმთავარი რედაქტორი
_97133
710 _eРоссийская академия наук отделение историко-филологических наук
_97134
942 _2udc
_cCR